[Event "Mindsports Open 5th"]
[Site "London"]
[Date "2025.08.13"]
[Round "1.23"]
[White "Kalavannan, Koby"]
[Black "Wastney, Dylan"]
[Result "1-0"]
[WhiteElo "2323"]
[BlackElo "1981"]
[PlyCount "61"]
[EventDate "2025.08.13"]
[EventType "swiss"]
[EventRounds "9"]
[EventCountry "ENG"]
[SourceTitle "BritBase"]
[Source "John Saunders"]
[SourceDate "2025.08.18"]
[SourceVersion "1"]
[SourceVersionDate "2025.08.18"]
[SourceQuality "1"]

1. d4 Nf6 2. c4 e6 3. g3 d5 4. Bg2 Be7 5. Nf3 b6 6. O-O Bb7 7. Ne5 O-O 8. Nc3 Nbd7 9. Qa4 Nxe5 10. dxe5 Ne4 11. Nxe4 dxe4 12. Rd1 Qe8 13. Qc2 Qc6 14. Rd4 Qc5 15. Rd7 Bc6 16. Be3 Qxe5 17. Bd4 Qg5 18. h4 Qg6 19. Rxe7 Rac8 20. Be5 Qf5 21. Qc3 f6 22. Bxc7 Rfe8 23. Rxe8+ Bxe8 24. Bf4 b5 25. Qa5 e5 26. Be3 bxc4 27. Rd1 h6 28. Qd5+ Bf7 29. Bxe4 Qe6 30. Qb7 Re8 31. Rd7 1-0

[Event "Mindsports Open 5th"]
[Site "London"]
[Date "2025.08.13"]
[Round "1.24"]
[White "Bansal, Saahil"]
[Black "Radeva, Viktoria"]
[Result "0-1"]
[WhiteElo "1979"]
[BlackElo "2317"]
[PlyCount "84"]
[EventDate "2025.08.13"]
[EventType "swiss"]
[EventRounds "9"]
[EventCountry "ENG"]
[SourceTitle "BritBase"]
[Source "John Saunders"]
[SourceDate "2025.08.18"]
[SourceVersion "1"]
[SourceVersionDate "2025.08.18"]
[SourceQuality "1"]

1. d4 e6 2. Nf3 Nf6 3. c4 d5 4. cxd5 exd5 5. Nc3 c6 6. Qc2 Be7 7. Bg5 Bg4 8. Ne5 Bh5 9. e3 Nbd7 10. Bf4 Nxe5 11. Bxe5 Bd6 12. Bxd6 Qxd6 13. Bd3 O-O 14. h3 Rfe8 15. O-O Bg6 16. Rab1 Bxd3 17. Qxd3 Ne4 18. b4 a6 19. a4 Qd7 20. Rfc1 Re6 21. Nxe4 dxe4 22. Qc2 Rae8 23. b5 Rg6 24. Kh1 axb5 25. axb5 Qf5 26. Qe2 Qg5 27. Qf1 h6 28. bxc6 bxc6 29. Rb6 Ree6 30. Rc5 Qf6 31. Qe2 Rg5 32. Rc2 Qg6 33. g3 Kh7 34. Qc4 Qf5 35. h4 Qh3+ 36. Kg1 Qxh4 37. Rxc6 Rxc6 38. Qxc6 Qg4 39. Rc5 f5 40. Qe6 Rh5 41. Rxf5 Qd1+ 42. Kg2 Qh1# 0-1

[Event "Mindsports Open 5th"]
[Site "London"]
[Date "2025.08.13"]
[Round "1.25"]
[White "Gombocz, Ferenc Jr"]
[Black "Rice, Leah"]
[Result "1-0"]
[WhiteElo "2315"]
[BlackElo "1979"]
[PlyCount "71"]
[EventDate "2025.08.13"]
[EventType "swiss"]
[EventRounds "9"]
[EventCountry "ENG"]
[SourceTitle "BritBase"]
[Source "John Saunders"]
[SourceDate "2025.08.18"]
[SourceVersion "1"]
[SourceVersionDate "2025.08.18"]
[SourceQuality "1"]

1. d4 d5 2. c4 c6 3. Nf3 Nf6 4. e3 e6 5. Bd3 Bd6 6. O-O Nbd7 7. Nc3 O-O 8. e4 dxc4 9. Bxc4 e5 10. Be3 b5 11. Bb3 b4 12. Na4 Qe7 13. Re1 Rd8 14. Ng5 Rf8 15. dxe5 Nxe5 16. f4 Bg4 17. Qc2 h6 18. fxe5 Qxe5 19. Nf3 Qh5 20. e5 Bxf3 21. exd6 Be4 22. Qe2 Qe5 23. Rad1 Bg6 24. Qc4 Bh5 25. Bf4 Qf5 26. Re5 Qd7 27. Nc5 Qd8 28. Rde1 Bg6 29. Qd4 Rb8 30. Re7 Rb5 31. Bc4 Rb8 32. Bxh6 Qb6 33. Bxg7 Kxg7 34. Rf1 Kg8 35. Rxf6 Bh7 36. Rfxf7 1-0

[Event "Mindsports Open 5th"]
[Site "London"]
[Date "2025.08.13"]
[Round "1.26"]
[White "Terler, Bohdan"]
[Black "Sofronie, Vladimir"]
[Result "1-0"]
[WhiteElo "1974"]
[BlackElo "2313"]
[PlyCount "67"]
[EventDate "2025.08.13"]
[EventType "swiss"]
[EventRounds "9"]
[EventCountry "ENG"]
[SourceTitle "BritBase"]
[Source "John Saunders"]
[SourceDate "2025.08.18"]
[SourceVersion "1"]
[SourceVersionDate "2025.08.18"]
[SourceQuality "1"]

1. e4 c5 2. Be2 Nc6 3. f4 g6 4. Nf3 d5 5. d3 Nf6 6. e5 Nh5 7. O-O Bh6 8. Nh4 Ng7 9. c3 e6 10. Nf3 Nf5 11. g4 Nfe7 12. d4 Qb6 13. Na3 cxd4 14. cxd4 a6 15. Nb1 Bg7 16. Nc3 h5 17. h3 hxg4 18. hxg4 g5 19. Na4 Qa7 20. Nc5 gxf4 21. Bxf4 Ng6 22. Be3 Bf8 23. Rc1 Bxc5 24. Rxc5 Bd7 25. Ng5 Nd8 26. Bd3 b6 27. Rc1 Nf8 28. Qe2 Rg8 29. Rf6 Rg7 30. Rcf1 Bc6 31. Qh2 Rg8 32. Qh5 Ng6 33. Nxf7 Nxf7 34. Bxg6 1-0

[Event "Mindsports Open 5th"]
[Site "London"]
[Date "2025.08.13"]
[Round "1.27"]
[White "Badacsonyi, Stanley"]
[Black "Mesropyan, Hayk"]
[Result "1/2-1/2"]
[WhiteElo "2309"]
[BlackElo "1972"]
[PlyCount "142"]
[EventDate "2025.08.13"]
[EventType "swiss"]
[EventRounds "9"]
[EventCountry "ENG"]
[SourceTitle "BritBase"]
[Source "John Saunders"]
[SourceDate "2025.08.18"]
[SourceVersion "1"]
[SourceVersionDate "2025.08.18"]
[SourceQuality "1"]

1. d4 d5 2. c4 e6 3. Nc3 Nf6 4. cxd5 exd5 5. Bg5 c6 6. e3 Be7 7. Bd3 O-O 8. Qc2 h6 9. Bh4 Nh5 10. Bxe7 Qxe7 11. Nge2 a5 12. O-O Re8 13. Rae1 Na6 14. a3 b5 15. Qd2 b4 16. Nb1 Nf6 17. Rc1 Bd7 18. Ng3 Ne4 19. Nxe4 dxe4 20. Bxa6 Rxa6 21. Rc5 Rb8 22. a4 Be6 23. Qe2 Qb7 24. Nd2 Bd5 25. b3 Ra7 26. Rfc1 Re8 27. Nc4 Qc7 28. Qh5 Re6 29. Nxa5 Qxa5 30. Rxa5 Rxa5 31. Qd1 Re7 32. Qd2 Rb7 33. Qb2 Kh7 34. Rc5 Ra6 35. Qc2 g6 36. Kf1 Kg7 37. Ke2 Rba7 38. Kd2 Ra8 39. Kc1 Rb6 40. Kb2 h5 41. Qd2 Rb7 42. Rc1 f6 43. Rc5 Kf7 44. Qc2 Ra6 45. h3 Kg7 46. Qc1 Re7 47. Qg1 Ra8 48. Qh2 Rd7 49. Qf4 Raa7 50. Rc1 Ra8 51. Rg1 Rf8 52. g4 h4 53. Qh2 g5 54. a5 Ra8 55. Ra1 Kg6 56. f4 exf3 57. Qc2+ Kg7 58. e4 Re7 59. exd5 cxd5 60. Rd1 Re2 61. Rd2 f2 62. Rxe2 f1=Q 63. Re7+ Kf8 64. Rc7 Re8 65. Qc5+ Kg8 66. Qxd5+ Kh8 67. Rc2 Re2 68. Qa8+ Kg7 69. Qb7+ Kg6 70. a6 Rxc2+ 71. Kxc2 Qe2+ 1/2-1/2

[Event "Mindsports Open 5th"]
[Site "London"]
[Date "2025.08.13"]
[Round "1.28"]
[White "Hafstad, Leif"]
[Black "Fitzsimons, David"]
[Result "1/2-1/2"]
[WhiteElo "1969"]
[BlackElo "2308"]
[PlyCount "175"]
[EventDate "2025.08.13"]
[EventType "swiss"]
[EventRounds "9"]
[EventCountry "ENG"]
[SourceTitle "BritBase"]
[Source "John Saunders"]
[SourceDate "2025.08.18"]
[SourceVersion "1"]
[SourceVersionDate "2025.08.18"]
[SourceQuality "1"]

1. e4 c5 2. Nf3 Nc6 3. Bb5 d6 4. O-O Bd7 5. Re1 a6 6. Bf1 Bg4 7. c3 e6 8. d3 Nf6 9. Nbd2 d5 10. Qc2 Be7 11. a3 Qc7 12. h3 Bh5 13. g4 Bg6 14. Nh4 Nxe4 15. Nxe4 Bxh4 16. Nxc5 Ne5 17. Qa4+ b5 18. Qf4 Qxc5 19. d4 Qc7 20. dxe5 Be7 21. a4 Rb8 22. axb5 axb5 23. Be3 Bc5 24. Bxc5 Qxc5 25. Qd4 Qxd4 26. cxd4 O-O 27. b4 h5 28. gxh5 Bxh5 29. Rec1 f6 30. Rc7 fxe5 31. Raa7 Rf7 32. Rxf7 Bxf7 33. dxe5 Kf8 34. f4 Be8 35. Kf2 Rc8 36. Ra5 Rc3 37. Bxb5 Bxb5 38. Rxb5 Kf7 39. Rb6 Rxh3 40. b5 Rb3 41. Ke2 d4 42. Rd6 Rxb5 43. Rxd4 Kg6 44. Rd7 Rb3 45. Re7 Kf5 46. Rxg7 Kxf4 47. Ra7 Kxe5 48. Ra5+ Kf4 49. Ra4+ Kf5 50. Rc4 e5 51. Ra4 Rc3 52. Rb4 Ra3 53. Rc4 Ke6 54. Rb4 Kd5 55. Rh4 Ra2+ 56. Ke3 Ra3+ 57. Ke2 Ra8 58. Rh3 Ra2+ 59. Ke1 Kd4 60. Rg3 e4 61. Rh3 Rg2 62. Ra3 Ke5 63. Rb3 Kf4 64. Ra3 Rb2 65. Rc3 Ra2 66. Rb3 Ra4 67. Rc3 Rd4 68. Ke2 Rd5 69. Ra3 Rh5 70. Rb3 Rh2+ 71. Ke1 Rc2 72. Ra3 Rb2 73. Rc3 Rb4 74. Ke2 e3 75. Rc8 Rb2+ 76. Ke1 Rb5 77. Ke2 Re5 78. Rf8+ Ke4 79. Rd8 Ra5 80. Re8+ Kd4 81. Rd8+ Ke4 82. Re8+ Kf4 83. Rf8+ Ke4 84. Re8+ Kd4 85. Rd8+ Ke4 86. Re8+ Kf4 87. Rf8+ Ke4 88. Re8+ 1/2-1/2

[Event "Mindsports Open 5th"]
[Site "London"]
[Date "2025.08.13"]
[Round "1.29"]
[White "San Emeterio Cabanes, Jose L"]
[Black "Pichugov, Andrey"]
[Result "1/2-1/2"]
[WhiteElo "2303"]
[BlackElo "1968"]
[PlyCount "82"]
[EventDate "2025.08.13"]
[EventType "swiss"]
[EventRounds "9"]
[EventCountry "ENG"]
[SourceTitle "BritBase"]
[Source "John Saunders"]
[SourceDate "2025.08.18"]
[SourceVersion "1"]
[SourceVersionDate "2025.08.18"]
[SourceQuality "1"]

1. d4 d5 2. Nf3 Nf6 3. g3 e6 4. Bg2 Be7 5. O-O O-O 6. c4 dxc4 7. Qc2 c6 8. a4 b6 9. Rd1 Bb7 10. Ne5 Qc8 11. e4 b5 12. Nc3 a6 13. axb5 cxb5 14. d5 exd5 15. Nxd5 Nxd5 16. exd5 Bd6 17. Nc6 Qc7 18. Na5 Nd7 19. b3 Nb6 20. Be3 Rac8 21. Bxb6 Qxb6 22. bxc4 Bb4 23. Nc6 Bc5 24. cxb5 axb5 25. Rdc1 Bd6 26. Rab1 Rfe8 27. Bf1 b4 28. Qc4 Rc7 29. Qb5 Qxb5 30. Bxb5 Bxc6 31. dxc6 Re5 32. Ba4 Ra5 33. Bb3 Kf8 34. Bd1 Rc5 35. Bf3 Rxc1+ 36. Rxc1 Be5 37. Rc5 Bd6 38. Rb5 Ke7 39. Kg2 Rc8 40. Rb7+ Rc7 41. Rb5 Rc8 1/2-1/2

[Event "Mindsports Open 5th"]
[Site "London"]
[Date "2025.08.13"]
[Round "1.30"]
[White "Mokhber-Garcia, Sebastian"]
[Black "Bracker, Frank"]
[Result "0-1"]
[WhiteElo "1962"]
[BlackElo "2301"]
[PlyCount "96"]
[EventDate "2025.08.13"]
[EventType "swiss"]
[EventRounds "9"]
[EventCountry "ENG"]
[SourceTitle "BritBase"]
[Source "John Saunders"]
[SourceDate "2025.08.18"]
[SourceVersion "1"]
[SourceVersionDate "2025.08.18"]
[SourceQuality "1"]

1. e4 c5 2. Nf3 e6 3. d4 cxd4 4. Nxd4 Nc6 5. Nc3 Qc7 6. Be2 Nf6 7. O-O a6 8. Nxc6 bxc6 9. Bf3 Bd6 10. g3 Rb8 11. Re1 Be5 12. Bg2 h5 13. f4 Ng4 14. Qe2 Bd4+ 15. Kh1 Nf2+ 16. Kg1 Nd3+ 17. Kh1 Nxe1 18. Qxe1 e5 19. b3 h4 20. f5 Qd8 21. Bd2 hxg3 22. Qxg3 Qh4 23. Qxh4 Rxh4 24. Rf1 f6 25. Ne2 Bc5 26. Be1 Rh8 27. c4 Ke7 28. Nc1 d6 29. Nd3 Bd4 30. Nb4 Bb7 31. Nc2 Bb6 32. Bb4 a5 33. Ba3 Rbd8 34. Rd1 Rd7 35. Rd3 Rhd8 36. Rg3 Kf7 37. Bf3 Rh8 38. Rg2 Bc5 39. Bb2 d5 40. Rd2 Rhd8 41. Bc3 dxc4 42. Rxd7+ Rxd7 43. Bxa5 cxb3 44. axb3 Ba6 45. Kg2 Rb7 46. b4 Be7 47. Kf2 Bd3 48. Ne1 Bb1 0-1

[Event "Mindsports Open 5th"]
[Site "London"]
[Date "2025.08.13"]
[Round "1.31"]
[White "Antolak, Julia"]
[Black "Wang, Luoke"]
[Result "1-0"]
[WhiteElo "2280"]
[BlackElo "1944"]
[PlyCount "85"]
[EventDate "2025.08.13"]
[EventType "swiss"]
[EventRounds "9"]
[EventCountry "ENG"]
[SourceTitle "BritBase"]
[Source "John Saunders"]
[SourceDate "2025.08.18"]
[SourceVersion "1"]
[SourceVersionDate "2025.08.18"]
[SourceQuality "1"]

1. e4 c5 2. Nf3 Nc6 3. d4 cxd4 4. Nxd4 g6 5. c4 Bg7 6. Be3 Nf6 7. Nc3 d6 8. Be2 O-O 9. O-O Bd7 10. h3 Nxd4 11. Bxd4 Bc6 12. Qc2 Nd7 13. Bxg7 Kxg7 14. b4 Nf6 15. Rfd1 Qc7 16. Rd2 a5 17. b5 Bd7 18. Nd5 Nxd5 19. exd5 Rac8 20. Bf1 Kg8 21. Qb2 Qc5 22. Rd4 b6 23. Qd2 f6 24. Re1 Rf7 25. h4 Kg7 26. Re3 h5 27. Rf4 Re8 28. Rd4 Bf5 29. Be2 Qc8 30. Rf4 e5 31. dxe6 Rxe6 32. Rg3 Bg4 33. Bxg4 hxg4 34. Rfxg4 f5 35. Qc3+ Kh7 36. Rg5 f4 37. R3g4 Rff6 38. h5 Qe8 39. hxg6+ Kg7 40. Rh5 Re1+ 41. Kh2 Qe6 42. Rh7+ Kg8 43. Qh3 1-0

[Event "Mindsports Open 5th"]
[Site "London"]
[Date "2025.08.13"]
[Round "1.32"]
[White "Kilambi, Venkata Ananth Aksh"]
[Black "Kiremitciyan, Ari"]
[Result "1/2-1/2"]
[WhiteElo "1936"]
[BlackElo "2271"]
[PlyCount "90"]
[EventDate "2025.08.13"]
[EventType "swiss"]
[EventRounds "9"]
[EventCountry "ENG"]
[SourceTitle "BritBase"]
[Source "John Saunders"]
[SourceDate "2025.08.18"]
[SourceVersion "1"]
[SourceVersionDate "2025.08.18"]
[SourceQuality "1"]

1. Nf3 d6 2. d4 Nf6 3. b3 g6 4. Bb2 Bg7 5. g3 b6 6. Bg2 Bb7 7. O-O O-O 8. c4 e6 9. Nc3 Ne4 10. Qd3 Nxc3 11. Bxc3 Qe7 12. Rfe1 e5 13. Nd2 Bxg2 14. Kxg2 Nd7 15. e4 exd4 16. Bxd4 Nc5 17. Qc3 Bxd4 18. Qxd4 Rfe8 19. Rad1 Qe5 20. Qxe5 dxe5 21. Nb1 Rad8 22. Nc3 c6 23. f3 f6 24. Rxd8 Rxd8 25. Rd1 Rxd1 26. Nxd1 Kf7 27. Kf2 f5 28. Nc3 f4 29. Kg2 h5 30. Ne2 fxg3 31. Kxg3 g5 32. h4 Kf6 33. Nc1 a5 34. a3 Ne6 35. Nd3 gxh4+ 36. Kxh4 Nd4 37. Kxh5 Nxf3 38. b4 a4 39. b5 c5 40. Kg4 Nd2 41. Nb2 Ke6 42. Kh5 Kd6 43. Kg4 Ke6 44. Kh5 Kd6 45. Kg4 Ke6 1/2-1/2

[Event "Mindsports Open 5th"]
[Site "London"]
[Date "2025.08.13"]
[Round "1.33"]
[White "Li, Harry"]
[Black "Golub, Nikolina"]
[Result "1/2-1/2"]
[WhiteElo "2242"]
[BlackElo "1933"]
[PlyCount "120"]
[EventDate "2025.08.13"]
[EventType "swiss"]
[EventRounds "9"]
[EventCountry "ENG"]
[SourceTitle "BritBase"]
[Source "John Saunders"]
[SourceDate "2025.08.18"]
[SourceVersion "1"]
[SourceVersionDate "2025.08.18"]
[SourceQuality "1"]

1. e4 c5 2. Nf3 d6 3. d4 cxd4 4. Nxd4 Nf6 5. Nc3 g6 6. Be3 Nc6 7. f3 h5 8. Bc4 Bg7 9. Qd2 a6 10. O-O-O Qc7 11. Nxc6 bxc6 12. Bb3 a5 13. Kb1 Be6 14. Rhe1 Bxb3 15. cxb3 h4 16. g4 hxg3 17. hxg3 O-O-O 18. Nb5 Qb7 19. Na7+ Kd7 20. Qxa5 Ra8 21. Rh1 Rxh1 22. Rxh1 c5 23. Qb5+ Qxb5 24. Nxb5 Kc6 25. Nc3 e6 26. Na4 Nd7 27. Rh7 Rg8 28. Bh6 Bxh6 29. Rxh6 d5 30. exd5+ exd5 31. Rh7 Rf8 32. Nc3 Ne5 33. f4 Ng4 34. Kc2 Nf6 35. Rh2 d4 36. Ne2 Kd5 37. Nc1 Ng4 38. Rh1 Ne3+ 39. Kd2 Ra8 40. Kd3 c4+ 41. bxc4+ Nxc4 42. b3 Nd6 43. Re1 f6 44. a4 Rh8 45. Re7 Nf5 46. Rd7+ Ke6 47. Rb7 Nxg3 48. Kxd4 Rd8+ 49. Kc3 Rc8+ 50. Kb2 Ne4 51. a5 g5 52. fxg5 fxg5 53. b4 g4 54. a6 Ra8 55. b5 Nd6 56. Rg7 Nxb5 57. Rxg4 Nc7 58. Nb3 Nxa6 59. Ra4 Nc7 60. Rxa8 Nxa8 1/2-1/2

[Event "Mindsports Open 5th"]
[Site "London"]
[Date "2025.08.13"]
[Round "1.34"]
[White "Larchikov, Maksym"]
[Black "Zhou, Yang-Fan"]
[Result "0-1"]
[WhiteElo "2037"]
[BlackElo "2406"]
[PlyCount "104"]
[EventDate "2025.08.13"]
[EventType "swiss"]
[EventRounds "9"]
[EventCountry "ENG"]
[SourceTitle "BritBase"]
[Source "John Saunders"]
[SourceDate "2025.08.18"]
[SourceVersion "1"]
[SourceVersionDate "2025.08.18"]
[SourceQuality "1"]

1. d4 Nf6 2. c4 g6 3. Nf3 Bg7 4. g3 O-O 5. Bg2 d6 6. O-O Nbd7 7. Nc3 e5 8. e4 b6 9. h3 Bb7 10. d5 Nc5 11. Ne1 a5 12. Rb1 Bc8 13. b3 Bd7 14. Be3 Ne8 15. Qd2 f5 16. exf5 gxf5 17. f4 Qf6 18. fxe5 Qxe5 19. Ne2 Nf6 20. Nd3 Nxd3 21. Bd4 Qe7 22. Bxf6 Qxf6 23. Qxd3 {(=)} Rae8 24. Nf4 Kh8 25. Kh2 Qh6 26. Rbe1 Be5 27. Re3 Rg8 28. Ref3 Re7 29. Kh1 Reg7 30. R1f2 Rg5 31. a4 Qg7 32. Ne2 Bxg3 33. Nxg3 Rxg3 34. Rxg3 Qxg3 35. Qxg3 Rxg3 36. Re2 Kg8 37. Re7 Rg7 38. Re3 Kf7 39. Kg1 Kf6 40. Kf2 f4 41. Re4 Kg5 42. h4+ Kxh4 43. Rxf4+ Kg5 44. Rf8 Bf5 45. Kg3 Bc2 46. Bf1 Bxb3 47. Bd3 Re7 48. Rf5+ Kh6 49. Kh4 Bxa4 50. Rh5+ Kg7 51. Rxh7+ Kf6 52. Rh5 Bd7 0-1

[Event "Mindsports Open 5th"]
[Site "London"]
[Date "2025.08.13"]
[Round "1.35"]
[White "Steiners, Emils"]
[Black "Collins, Adam"]
[Result "1-0"]
[WhiteElo "1933"]
[BlackElo "2221"]
[PlyCount "81"]
[EventDate "2025.08.13"]
[EventType "swiss"]
[EventRounds "9"]
[EventCountry "ENG"]
[SourceTitle "BritBase"]
[Source "John Saunders"]
[SourceDate "2025.08.18"]
[SourceVersion "1"]
[SourceVersionDate "2025.08.18"]
[SourceQuality "1"]

1. d4 d5 2. c4 e6 3. Nc3 Nf6 4. cxd5 exd5 5. Bg5 c6 6. e3 Bd6 7. Qc2 O-O 8. Bd3 h6 9. Bh4 Re8 10. Nge2 b5 11. Bg3 Bf8 12. O-O Nbd7 13. Rfe1 Nh5 14. Rad1 a5 15. e4 b4 16. Na4 Bb7 17. e5 c5 18. Bb5 Re7 19. dxc5 Nxe5 20. Bxe5 Rxe5 21. c6 Rc8 22. Nd4 Rxe1+ 23. Rxe1 Ba8 24. Ba6 Rc7 25. Nb6 Nf6 26. Rc1 Rxc6 27. Nxc6 Qxb6 28. Bd3 Bd6 29. h3 Bb7 30. Ne5 Qd4 31. Nf3 Qf4 32. Qd2 Qxd2 33. Nxd2 Nd7 34. Nb3 Ne5 35. Bb5 Nc4 36. Bxc4 dxc4 37. Nxa5 Bd5 38. Rd1 c3 39. bxc3 bxc3 40. Rxd5 c2 41. Nb3 1-0

[Event "Mindsports Open 5th"]
[Site "London"]
[Date "2025.08.13"]
[Round "1.36"]
[White "Bin-Suhayl, Ieysaa"]
[Black "Zadvorny, Roman"]
[Result "1-0"]
[WhiteElo "2217"]
[BlackElo "1931"]
[PlyCount "65"]
[EventDate "2025.08.13"]
[EventType "swiss"]
[EventRounds "9"]
[EventCountry "ENG"]
[SourceTitle "BritBase"]
[Source "John Saunders"]
[SourceDate "2025.08.18"]
[SourceVersion "1"]
[SourceVersionDate "2025.08.18"]
[SourceQuality "1"]

1. e4 e5 2. Nf3 Nc6 3. Bb5 g6 4. c3 d6 5. d4 Bd7 6. O-O Bg7 7. d5 Nce7 8. Bxd7+ Qxd7 9. c4 h6 10. Nc3 Nf6 11. c5 O-O 12. b4 Nh7 13. Nd2 f5 14. Ba3 Rf7 15. Qb3 g5 16. b5 dxc5 17. Bxc5 Nc8 18. exf5 Qxf5 19. Nc4 Bf8 20. Bxf8 Nxf8 21. Rae1 Ng6 22. Ne4 Nf4 23. Ng3 Qd3 24. Qxd3 Nxd3 25. Re3 Nf4 26. Nxe5 Rf8 27. Nd7 Rd8 28. Nf6+ Kf7 29. Ng4 Rxd5 30. Rc1 Rxb5 31. Rxc7+ Kf8 32. Rh7 Nb6 33. Nxh6 1-0

[Event "Mindsports Open 5th"]
[Site "London"]
[Date "2025.08.13"]
[Round "1.37"]
[White "Mittal, Aditya"]
[Black "Badacsonyi, Frankie"]
[Result "0-1"]
[WhiteElo "1927"]
[BlackElo "2193"]
[PlyCount "66"]
[EventDate "2025.08.13"]
[EventType "swiss"]
[EventRounds "9"]
[EventCountry "ENG"]
[SourceTitle "BritBase"]
[Source "John Saunders"]
[SourceDate "2025.08.18"]
[SourceVersion "1"]
[SourceVersionDate "2025.08.18"]
[SourceQuality "1"]

1. e4 c6 2. d4 d5 3. e5 Bf5 4. c4 e6 5. Nc3 Bb4 6. Nge2 Ne7 7. Ng3 c5 8. a3 Ba5 9. Be3 Nbc6 10. Nh5 O-O 11. Qd2 Bg6 12. Be2 cxd4 13. Bxd4 Nf5 14. Bc5 d4 15. b4 dxc3 16. Qxc3 Bxh5 17. Rd1 Qh4 18. Bxf8 Bxe2 19. Kxe2 Rxf8 20. bxa5 Qg4+ 21. Ke1 Qxg2 22. Kd2 Qxf2+ 23. Kc1 Qf4+ 24. Kb2 Ne3 25. Rc1 Nxe5 26. Rhg1 N3xc4+ 27. Ka1 Rd8 28. Rb1 b6 29. axb6 axb6 30. Rbd1 Ra8 31. Rg3 g6 32. Qb4 Kg7 33. a4 Qf2 0-1

[Event "Mindsports Open 5th"]
[Site "London"]
[Date "2025.08.13"]
[Round "1.38"]
[White "Zheng, Harry Z"]
[Black "Rahman, K Azizur"]
[Result "1-0"]
[WhiteElo "2190"]
[BlackElo "1921"]
[PlyCount "67"]
[EventDate "2025.08.13"]
[EventType "swiss"]
[EventRounds "9"]
[EventCountry "ENG"]
[SourceTitle "BritBase"]
[Source "John Saunders"]
[SourceDate "2025.08.18"]
[SourceVersion "1"]
[SourceVersionDate "2025.08.18"]
[SourceQuality "1"]

1. e4 c6 2. d4 d5 3. e5 e6 4. Bd3 b6 5. h4 Ba6 6. Bg5 Be7 7. Nh3 Bxd3 8. Qxd3 h6 9. Bxe7 Nxe7 10. Nd2 Nd7 11. Nf4 c5 12. c3 Rc8 13. Nh5 g6 14. Ng3 Qc7 15. O-O cxd4 16. cxd4 Qc2 17. Qe3 Qxb2 18. Nf3 Qc3 19. Qf4 Qc7 20. Rfc1 Qb7 21. h5 g5 22. Qe3 Rg8 23. Nh2 Nc6 24. Ng4 Rh8 25. f4 Na5 26. fxg5 Rxc1+ 27. Rxc1 Nc4 28. Qf4 hxg5 29. Qxg5 Qc8 30. Rf1 Qd8 31. Qg7 Rf8 32. h6 Qh4 33. h7 Ke7 34. Rxf7+ 1-0

[Event "Mindsports Open 5th"]
[Site "London"]
[Date "2025.08.13"]
[Round "1.39"]
[White "Leung, Hao Ran"]
[Black "Kovalskyi, Roman"]
[Result "0-1"]
[WhiteElo "1915"]
[BlackElo "2180"]
[PlyCount "92"]
[EventDate "2025.08.13"]
[EventType "swiss"]
[EventRounds "9"]
[EventCountry "ENG"]
[SourceTitle "BritBase"]
[Source "John Saunders"]
[SourceDate "2025.08.18"]
[SourceVersion "1"]
[SourceVersionDate "2025.08.18"]
[SourceQuality "1"]

1. Nf3 d5 2. g3 c5 3. Bg2 Nf6 4. O-O e6 5. d4 cxd4 6. Nxd4 e5 7. Nb3 Be6 8. c4 Nc6 9. cxd5 Bxd5 10. Nc3 Bxg2 11. Kxg2 Bb4 12. Bg5 Bxc3 13. Qxd8+ Nxd8 14. bxc3 Rc8 15. Be3 b6 16. Rfc1 Nd5 17. Bd2 Rc4 18. a4 Ne6 19. e4 Nf6 20. a5 b5 21. Be3 Rc7 22. f3 a6 23. Nd2 Ke7 24. c4 Rhc8 25. Bb6 Rc6 26. Rc2 Nd7 27. Be3 Nd8 28. c5 Nxc5 29. Rac1 Ncb7 30. Rxc6 Rxc6 31. Nb3 Rxc1 32. Bxc1 Nc6 33. Bd2 Kd6 34. f4 f6 35. Kf3 Nc5 36. Na1 Ne6 37. Ke3 Ned4 38. fxe5+ fxe5 39. Kd3 Kc5 40. Bc3 b4 41. Bd2 Nxa5 42. Be3 b3 43. Kc3 Kb5 44. Bxd4 exd4+ 45. Kxd4 b2 46. Nc2 Ka4 0-1

[Event "Mindsports Open 5th"]
[Site "London"]
[Date "2025.08.13"]
[Round "1.40"]
[White "Bonn, Thomas"]
[Black "Pal, Rohan"]
[Result "0-1"]
[WhiteElo "2173"]
[BlackElo "1909"]
[PlyCount "102"]
[EventDate "2025.08.13"]
[EventType "swiss"]
[EventRounds "9"]
[EventCountry "ENG"]
[SourceTitle "BritBase"]
[Source "John Saunders"]
[SourceDate "2025.08.18"]
[SourceVersion "1"]
[SourceVersionDate "2025.08.18"]
[SourceQuality "1"]

1. e4 c5 2. Nf3 e6 3. d4 cxd4 4. Nxd4 Nc6 5. Nc3 Qc7 6. Be3 a6 7. Qd2 Nf6 8. f3 Be7 9. O-O-O b5 10. g4 Nxd4 11. Bxd4 Bb7 12. Kb1 Rc8 13. g5 Nh5 14. h4 O-O 15. Bd3 e5 16. Bf2 Bc5 17. Nd5 Bxd5 18. exd5 Bxf2 19. Qxf2 d6 20. Be4 a5 21. Qd2 b4 22. Bf5 Rb8 23. Qd3 g6 24. Bg4 Nf4 25. Qd2 h5 26. gxh6 f5 27. Bh3 Kh7 28. Bf1 a4 29. Bd3 a3 30. Rdg1 Qc3 31. Qxc3 bxc3 32. b3 Kxh6 33. Bc4 Rfc8 34. Ka1 Rc5 35. Rd1 Ra8 36. Rhe1 Kh5 37. Rh1 Rac8 38. Kb1 R8c7 39. Ka1 Rb7 40. Ba6 Rb6 41. Bc4 Rb8 42. Rh2 Rbc8 43. Rhh1 Ng2 44. Rdg1 Ne3 45. Rg5+ Kh6 46. Rhg1 Rxc4 47. Rxg6+ Kh7 48. Rg7+ Kh8 49. bxc4 Rb8 50. R7g2 Nxg2 51. Rxg2 Rb4 0-1

[Event "Mindsports Open 5th"]
[Site "London"]
[Date "2025.08.13"]
[Round "1.41"]
[White "Fil, Alkim Alper"]
[Black "Carroll, Peter"]
[Result "0-1"]
[WhiteElo "1900"]
[BlackElo "2167"]
[PlyCount "82"]
[EventDate "2025.08.13"]
[EventType "swiss"]
[EventRounds "9"]
[EventCountry "ENG"]
[SourceTitle "BritBase"]
[Source "John Saunders"]
[SourceDate "2025.08.18"]
[SourceVersion "1"]
[SourceVersionDate "2025.08.18"]
[SourceQuality "1"]

1. d4 Nf6 2. c4 g6 3. Nf3 Bg7 4. g3 O-O 5. Bg2 d6 6. Nc3 a6 7. O-O Nc6 8. d5 Na5 9. b3 c5 10. Bb2 Rb8 11. Nd2 b5 12. cxb5 axb5 13. Qc2 e6 14. e4 b4 15. Nd1 exd5 16. exd5 Bf5 17. Qc1 Qd7 18. Re1 Rfe8 19. Ne3 Bh3 20. Bh1 Ng4 21. Bxg7 Kxg7 22. Qb2+ f6 23. Nxg4 Bxg4 24. f3 Bf5 25. Ne4 Bxe4 26. Rxe4 Rxe4 27. fxe4 c4 28. bxc4 Nxc4 29. Qd4 Qb5 30. Rc1 Rc8 31. Qa7+ Kg8 32. Rf1 Qc5+ 33. Qxc5 dxc5 34. Rxf6 Ne5 35. Rf2 c4 36. Rc2 Ra8 37. Kf2 b3 38. axb3 cxb3 39. Rc7 Rb8 40. d6 b2 41. d7 Nxd7 0-1